000 00429nam a2200181Ia 4500
001 7429
005 20260306160454.0
008 260306t2018||||xx |||||||||||||| ||spa||
041 _aESP
082 _a338.985
_bO693 2018
100 _aOxford Business Group
_eAUT
245 4 _aThe report:
_b: Perú 2018
260 _c2018
300 _a220 páginas :
_c30 cm.
650 _aGEN
654 _aCAN
942 _cLIB
_dJUS
_fJUS
_2ddc
_n
999 _c7429
_d7429